搶神大作戰

資料類型: Book 圖書   書目號:46863

Leader xxxxxxxxxx
001 __ PCLIS00046863
005 __  20131111133924.0008
010 0_ |a978-986-88833-6-9|b平裝|d新臺幣300元
042 __ |anbic
100 __ |a20131106d2013    m  y0chiy50      e
101 0_ |achi
102 __ |atw
105 __ |aab  z   000ay
200 1_ |a搶神大作戰|e|f伍兩柒著
205 __ |a初版
210 __ |a臺北市|c讀癮出版|c叩應經銷|d2013[民102]
215 0_ |a334面,[1]摺彩圖|c圖,地圖|d21公分
225 2_ |a讀本(讀癮)|v1
300 __ |a
461 _0 |12001 |a讀本(讀癮)|v1
681 __ |a857.7|b2113A|y102
700 _1 |a|b兩柒|4702 __ |a|b|4
801 _0 |atw|bNTL|c20131106|gCCR
詳細館藏(共 1 筆)
索 書 號登 錄 號冊次號館別 / 館藏地流通類型狀態加入預約清單電子資源
857.7 / 8676 2019384  圖書館 / 一樓普通區 可外借30天 在館   

| 條列資料




目錄查詢 分類查詢 個人資料 圖書薦購 新書查詢 閉館日 排行榜 更多電子資源 Hami書城 線上資料庫 登出

From : 216.73.217.52

  本日流通累計至 04:15:26 借閱 : 0 次 續借 : 0 次 歸還 : 0 次 預約 : 0 次 電子資源 : 0 次


內湖高中圖書館  PCLIS 版本  26.5.0.12